Investigación de Mercados / (Record no. 5521)

MARC details
000 -LEADER
campo de control de longitud fija 01598nam a22003737i 4500
003 - IDENTIFICADOR DE NÚMERO DE CONTROL
campo de control BO-EaUP
005 - FECHA Y HORA DE LA ÚLTIMA TRANSACCIÓN
campo de control 20260507162150.0
008 - DATOS DE LONGITUD FIJA--INFORMACIÓN GENERAL
campo de control de longitud fija 220930b2021 ck a||||r|||| 00| 0 spa d
020 ## - NÚMERO INTERNACIONAL ESTÁNDAR DEL LIBRO
Número Internacional Estándar del Libro 978-958-503-199-9
040 ## - FUENTE DE CATALOGACIÓN
Centro catalogador/agencia de origen BO-EaUP
Centro/agencia transcriptor Biblioteca admiempresas
Centro/agencia modificador BO-EaUP
Normas de descripción RDA
Lengua de catalogación spa
041 ## - CÓDIGO DE IDIOMA
Código de lengua del texto/banda sonora o título independiente spa
Código de lengua original spa
043 ## - CÓDIGO DE ÁREA GEOGRÁFICA
Código de área geográfica s-ck
082 ## - NÚMERO DE LA CLASIFICACIÓN DECIMAL DEWEY
Número de edición 21
Número de clasificación 658.4
092 ## - ASIGNACIÓN LOCAL DE SIGNATURA TOPOGRÁFICA DEWEY (OCLC)
Número de clasificación 658.4
Signatura Librística P948i.3
100 ## - ENTRADA PRINCIPAL--NOMBRE DE PERSONA
Nombre de persona Prieto Herrera, Jorge Eliécer
Término indicativo de función/relación Autor
9 (RLIN) 23
245 ## - MENCIÓN DEL TÍTULO
Título Investigación de Mercados /
Mención de responsabilidad, etc. Jorge Prieto H.
250 ## - MENCION DE EDICION
Mención de edición Tercera edición
260 ## - PUBLICACIÓN, DISTRIBUCIÓN, ETC.
Lugar de publicación, distribución, etc. Bogotá ;
Nombre del editor, distribuidor, etc. Ecoe Ediciones,
Fecha de publicación, distribución, etc. 2021
300 ## - DESCRIPCIÓN FÍSICA
Extensión xix, 226 páginas ;
Otras características físicas ilustraciones, figuras, gráficos ;
Dimensiones 17 x 24 centímetros.-- (Ciencias empresariales. Mercadeo y ventas) ;
Tipo de unidad impreso
336 ## - TIPO DE CONTENIDO
Fuente rdacontent
Término de tipo de contenido texto
Código de tipo de contenido txt
337 ## - TIPO DE MEDIO
Fuente rdamedia
Nombre/término del tipo de medio no mediado
Código del tipo de medio n
338 ## - TIPO DE SOPORTE
Fuente rdacarrier
Nombre/término del tipo de soporte volumen
Código del tipo de soporte nc
505 2# - NOTA DE CONTENIDO CON FORMATO
Nota de contenido con formato Capítulo 1. Comienza la investigación de mercados.- Objetivos.- Concepto de mercadeo.- Paradigmas del mercadeo.-
505 2# - NOTA DE CONTENIDO CON FORMATO
Nota de contenido con formato Capítulo 2. ¿Cómo se hace una investigación de mercados?.- Aspectos determinantes.- Procesos de investigación de mercados.-
505 2# - NOTA DE CONTENIDO CON FORMATO
Nota de contenido con formato Capítulo 3. Tendencias del marketing.- Objetivos.- Enfoques de Marketing digital.- Pasos para elaborar plan de marketing digital.-
546 ## - NOTA DE IDIOMA
Nota de lengua/lenguaje Traducido del libro en inglés : "Exploring Marketing Research"
650 ## - PUNTO DE ACCESO ADICIONAL DE MATERIA--TÉRMINO DE MATERIA
Término de materia o nombre geográfico como elemento de entrada MERCADEO
9 (RLIN) 2010
650 ## - PUNTO DE ACCESO ADICIONAL DE MATERIA--TÉRMINO DE MATERIA
Término de materia o nombre geográfico como elemento de entrada MARKETING
9 (RLIN) 113
650 ## - PUNTO DE ACCESO ADICIONAL DE MATERIA--TÉRMINO DE MATERIA
Término de materia o nombre geográfico como elemento de entrada ESTRATEGIAS DE MARKETING
9 (RLIN) 6223
650 ## - PUNTO DE ACCESO ADICIONAL DE MATERIA--TÉRMINO DE MATERIA
Término de materia o nombre geográfico como elemento de entrada INVESTIGACIÓNES
9 (RLIN) 3693
653 ## - TÉRMINO DE INDIZACIÓN--NO CONTROLADO
Término no controlado ANÁLISIS DE MERCADEO
653 ## - TÉRMINO DE INDIZACIÓN--NO CONTROLADO
Término no controlado MERCADO Y VENTAS
942 ## - ELEMENTOS DE ENTRADA SECUNDARIOS (KOHA)
Fuente del sistema de clasificación o colocación Clasificación Decimal Dewey
Tipo de ítem Koha Libros
Suprimir en OPAC No
Edición 21
Holdings
Estatus retirado Estado de pérdida Fuente del sistema de clasificación o colocación Estado de daño No para préstamo Colección Biblioteca de origen Biblioteca actual Ubicación en estantería Fecha de adquisición Fuente de adquisición Número de inventario Total de préstamos Signatura topográfica completa Código de barras Visto por última vez Copia número Tipo de ítem Koha
    Clasificación Decimal Dewey     Estrategias de Marketing Online y Offline Biblioteca Especializada de Administración de Empresas Biblioteca Especializada de Administración de Empresas Administración general 07/05/2026 compra HBAEOA06-0596   658.4/P948i1.3 658.4/P948i1.3 07/05/2026 ej.1 Libros
    Clasificación Decimal Dewey     Estrategias de Marketing Online y Offline Biblioteca Especializada de Administración de Empresas Biblioteca Especializada de Administración de Empresas Administración general 07/05/2026 compra HBAEOA06-0597   658.4/P948i1.3 658.4/P948i2.3 07/05/2026 ej.2 Libros